00354nam a22001457a 450000500170000000800410001702000170005804100080007508200090008310000320009224500210012426000400014530000080018565000150019320160430105534.0160430b xxu||||| |||| 00| 0 eng d a07619-9249-9 aeng b1014 aSingh Indrani Parsuram Raja aHuman Cognition. aNew DelhibSage Publication, c1998 a371 aManagement